Ruština pre samoukov

Bibliographic Details
Main Author: Kováčiková, Elena, 1924- (Author)
Other Authors: Žitňanová, Tatiana, 1956- (Illustrator)
Format: Book
Language:Slovak
Russian
PhysicalDescription:143 s. ilustr. 24 cm 1 CD-ROM
Published: Bratislava Slovenské pedagogické nakladateľstvo 2014
ISBN:9788010026050
Edition:3. vyd.
Subjects:

MARC

LEADER 00000cam a2200000 a 4500
001 vtls010598383
003 SK-MaSNL
005 20260302092256.0
008 240318s2014 xo a g 000 0 slo
015 |a SNBA2014/09 
020 |a 9788010026050  |q (brož.) 
035 |a 1915BB59-4F65-473A-9966-3503CF78E392 
035 |a urn:nbn:sk:snk-amk1uc 
035 |a urn:nbn:sk:snk-am0086a8 
040 |a SNK  |b slo  |c SNK  |e AACR2 
041 0 |a slo  |a rus 
044 |a xo  |c SK 
072 7 |a 811.161.1  |x Ruština  |2 konspekt 
080 |a 811.161.1  |2 2001 
080 |a (07.062)81  |2 2001 
100 1 |a Kováčiková, Elena,  |d 1924-  |4 aut  |9 188627 
245 1 0 |a Ruština pre samoukov  |c Elena Kováčiková ; [ilustrovala Táňa Žitňanová] 
250 |a 3. vyd. 
260 |a Bratislava  |b Slovenské pedagogické nakladateľstvo  |c 2014 
300 |a 143 s.  |b ilustr.  |c 24 cm  |e 1 CD-ROM 
500 |a Vydavateľ: SPN - Mladé letá 
500 |a Sprievodný CD-ROM obsahuje zvukové nahrávky textov a cvičení 
546 |a Čiast. text v ruš. 
650 0 7 |a ruština  |2 SNKPH  |9 1346 
650 0 7 |a Russian language  |2 SNKPHeng  |9 282042 
655 7 |a jazykové učebnice  |2 SNKPH  |9 115083 
655 7 |a Language textbooks  |2 SNKPHeng  |9 307376 
700 1 |a Žitňanová, Tatiana,  |d 1956-  |4 ill  |9 86022 
919 |a 978-80-10-02605-0 
999 |c 1204014  |d 1205944 
952 |a SNK  |b SNK  |y PREZ  |7 0  |p 17A1114153  |o snkSC 160781  |i snk2014/18214  |8 0  |0 0  |1 0  |4 0  |d 2014-09-05  |f 1  |l 0  |r 2025-08-25 00:00:00  |w 2026-02-24 
952 |a SNK  |b SNK  |y PREZ  |7 0  |p 17A1114154  |o snkSC 160781/príl.  |i snk2014/18214  |8 0  |3 1 CD  |0 0  |1 0  |4 0  |d 2014-09-05  |l 0  |r 2025-08-25 00:00:00  |w 2026-02-24 
952 |a SNK  |b SNK  |y VYP  |7 0  |p 17A1114155  |o snkSC 160781 D1  |i snk2014/18215  |8 0  |0 0  |1 0  |4 0  |d 2014-09-05  |l 0  |r 2026-02-24 22:52:08  |w 2026-02-24 
952 |a SNK  |b SNK  |y PREZ  |7 0  |p 17A1114156  |o snkSC 160781/príl. D1  |i snk2014/18215  |8 0  |3 1 CD  |0 0  |1 0  |4 0  |d 2014-09-05  |l 0  |r 2026-02-24 22:52:08  |w 2026-02-24